000 00695nam a2200241Ia 4500
005 20250508165905.0
008 008 250505s9999 xx 000 0 eng d
020 _a978-1-74286-366-5
037 _aTextBook
040 _aFEDL
_beng
_cFEDL
041 _aeng
_2eng
084 _a372.4, WES/R
_qFEDL
100 _aWestwood Peter
245 0 _aReading and learning difficulties: Approaches to teaching and assessment
250 _a2
260 _aVictoria, Australia
_bACER Press
_c2016
300 _ax, 166p.
365 _aINR
_b750
490 _aLearning Difficulties series
546 _aIndian edition 2017
942 _cTB
_h372.4, WES/R
999 _c1398027
_d1398027